عرض عادي عرض مارك
  • Cohen, Daniel I. A.,

مدخل إسم شخص

عدد التسجيلات المستخدمة في: 2

001 - رقم الضبط

  • حقل الضبط: 45973

003 - معرف رقم الضبط

  • حقل الضبط: OSt

005 - تاريخ ووقت أخر عملية

  • حقل الضبط: 20140707214538.0

008 - عناصر بيانات ثابتة الطول

  • حقل تحكم ثابت الطول: 140707|||a|||||| | ||| d

040 ## - مصدر الفهرسة

  • هيئة الفهرسة الأصلية: OSt
  • وكالة الكتابة: OSt

100 ## - مدخل -- أسم شخص

  • إسم شخص: Cohen, Daniel I. A.,
  • تواريخ مرتبطة بالاسم: 1946-

670 ## - بيانات المصدر موجوده

  • الاستشهاد بالمصدر: Work cat.: (OSt)0: Cohen, Daniel I. A., 1946-, Introduction to computer theory /, c1997.